MARC

Tag First Indicator Second Indicator Subfields
LEADER 00000cam a2200000 a 4500
001 in00001849521
005 20151026073124.0
007 hd afb|||baca
008 951002s1986 dcu ab f000 0 eng d
035 |a (OCoLC)33228023 
035 |9 AGV1658AM 
035 |a 1503030 
040 |a YMV  |c YMV  |d TXA  |d UtOrBLW 
049 |a TXAI 
090 |a DK274  |b .S68  |a Reel 3  |a frame 39-68 
099 |a film  |a A  |a 410.3  |a Reel 3  |a frame 39-68 
100 1 |a Koopman, Robert B. 
245 1 0 |a Assessment of the Soviet food program /  |c [by Robert B. Koopman]. 
264 1 |a Washington, DC :  |b Economic Research Service ;  |a [Springfield, Va.] :  |b National Technical Information Service, U.S. Dept. of Commerce,  |c [1986] 
300 |a iv, 27 pages 
336 |a text  |b txt  |2 rdacontent 
337 |a microform  |b h  |2 rdamedia 
338 |a microfilm reel  |b hd  |2 rdacarrier 
490 1 |a ERS staff report ;  |v no. AGES 860109 
500 |a Statement of responsibility taken from p. iii. 
500 |a "Feb 86." 
500 |a "PB86-156080." 
504 |a Includes bibliographical references (pages 25-27). 
533 |a Microfilm.  |b Frederick, Md. :  |c University Publications of America,  |d c1989.  |e on reel 3 of 10 ; 35 mm.  |f (Soviet Union special studies, 1985-1988 supplement ; 3)  |f (Foreign nations, the Special studies series). 
500 |a Microform. 
650 0 |a Agriculture and state  |z Soviet Union. 
650 0 |a Food supply  |z Soviet Union. 
650 0 |a Agricultural administration  |z Soviet Union. 
650 0 |a Agricultural productivity  |z Soviet Union. 
710 1 |a United States.  |b Department of Agriculture.  |b Economic Research Service.  |b International Economics Division. 
710 1 |a United States.  |b National Technical Information Service. 
830 0 |a ERS staff report ;  |v no. AGES 860109. 
830 0 |a Special studies series. Soviet Union. 1985-1988 supplement. 
830 0 |a Special studies series (University Publications of America (Firm)) 
999 |a MARS 
999 f f |s 5e39ea0a-c723-3ffd-9b6a-32998c23592c  |i c8a9ab0f-ae59-3c1e-9fe7-991c2f1e9083  |t 0 
952 f f |a Texas A&M University  |b College Station  |c Sterling C. Evans Library  |d Evans: Microforms Film (3rd floor)  |t 0  |e DK274 .S68 Reel 3 frame 39-68  |h Library of Congress classification 
998 f f |a DK274 .S68 Reel 3 frame 39-68  |t 0  |l Evans: Microforms Film (3rd floor)